[Event "1. OEsterreichische Internet Schach Meisterschaft - Vorrunde 2"]
[Site "Online - Playchess.com"]
[Date ""]
[Round "7"]
[Board "38"]
[White "Knoll, Martin"]
[Black "Wimmer, Kevin"]
[Result "1/2-1/2"]
[WhiteElo "2018"]
[BlackElo "1944"]
[PlyCount "156"]
[EventDate "2020.04.13"]
[EventRounds "9"]
[EventCountry "AUT"]

1. d4 d5 2. Nc3 Nf6 3. e4 dxe4 4. f3 exf3 5. Nxf3 e6 6. Bd3 Be7 7. O-O Nc6 8. Ne2
b6 9. c3 Bb7 10. Ng3 O-O 11. Qc2 Re8 12. Bg5 h6 13. Bd2 Na5 14. Rae1 c5 15. dxc5
Bxc5+ 16. Kh1 Ng4 17. Re2 Nc6 18. b4 Be7 19. h3 Nf6 20. Ne4 Qd7 21. Bb5 a6 22. Ba4
b5 23. Bb3 Red8 24. Rd1 Nxe4 25. Qxe4 Na5 26. Qg4 Nxb3 27. axb3 Kh8 28. Ne5 Qe8 29.
Rf1 Bf6 30. Bf4 Rd5 31. Qg3 Rad8 32. Ng4 Be7 33. Bxh6 gxh6 34. Nxh6 Rg5 35. Nxf7+
Qxf7 36. Rxf7 Rxg3 37. Rxe7 Rd1+ 38. Kh2 Rg7 39. R7xe6 Rc1 40. R6e3 Rc7 41. Re7 R1xc3
42. Re8+ Kg7 43. Rf2 Rf7 44. Rd2 Rcc7 45. Re5 Rce7 46. Rg5+ Kh6 47. Rc5 Rg7 48. Rd6+
Kh7 49. Rd2 Rg6 50. Rh5+ Kg7 51. Rc5 Rge6 52. Rg5+ Kf7 53. Rf2+ Rf6 54. Rd2 Rf4 55.
Rh5 Kg7 56. Rg5+ Kh6 57. Rg3 Rxb4 58. Rd6+ Kh7 59. Rg5 Rxb3 60. Rgg6 Rb2 61. Rdf6
Rxg2+ 62. Rxg2 Bxg2 63. Kxg2 a5 64. Rb6 b4 65. Kf3 Re5 66. Kf4 Rc5 67. h4 Kg7 68.
Ke4 Rc4+ 69. Kd3 Rxh4 70. Rb5 Rh3+ 71. Kc4 Ra3 72. Rb7+ Kf6 73. Rd7 Ke6 74. Rd1 Rc3+
75. Kb5 Ke5 76. Kxa5 b3 77. Kb4 Rh3 78. Rb1 Rh8  1/2-1/2

[Event "1. OEsterreichische Internet Schach Meisterschaft - Vorrunde 2"]
[Site "Online - Playchess.com"]
[Date ""]
[Round "7"]
[Board "39"]
[White "Prinz, Hubert"]
[Black "Ressmann, Walter"]
[Result "1/2-1/2"]
[WhiteElo "1956"]
[BlackElo "1868"]
[PlyCount "163"]
[EventDate "2020.04.13"]
[EventRounds "9"]
[EventCountry "AUT"]

1. d4 Nf6 2. e3 d5 3. Nf3 Bg4 4. c4 e6 5. Qb3 b6 6. Nbd2 Bxf3 7. Nxf3 c6 8. cxd5
Qxd5 9. Bc4 Qd6 10. a3 Be7 11. Bd2 O-O 12. O-O Nbd7 13. Rfd1 Qc7 14. Bc3 c5 15. Rac1
Rac8 16. Ba6 Rb8 17. Ne5 Nxe5 18. dxe5 Ne4 19. Bd3 Nxc3 20. Qxc3 Rbd8 21. f4 Rd7
22. Bb5 Rxd1+ 23. Rxd1 Rd8 24. Qc2 Rxd1+ 25. Qxd1 Qd8 26. Qxd8+ Bxd8 27. b3 Kf8 28.
Kf2 Ke7 29. e4 Bc7 30. Ke3 g5 31. g4 gxf4+ 32. Kxf4 f6 33. h3 Bxe5+ 34. Ke3 Bd4+
35. Kf4 Be5+ 36. Ke3 Kd6 37. a4 Bb2 38. Kf4 Bc1+ 39. Kf3 Ke5 40. Bc4 f5 41. exf5
exf5 42. gxf5 Kxf5 43. Bd3+ Ke5 44. Bxh7 Bh6 45. Ke2 Kd4 46. Bg8 Bg5 47. Kf3 Ke5
48. Kg4 Be3 49. h4 Kf6 50. h5 a6 51. Bc4 a5 52. Kf3 Bh6 53. Ke4 Ke7 54. Kd5 Kd7 55.
Bd3 Be3 56. Kc4 Kc7 57. Be4 Bh6 58. Kd5 Bf4 59. Ke6 Be3 60. Bd5 Bd2 61. Kf6 Kd6 62.
Bc4 Be3 63. Kg6 Ke7 64. h6 Kf8 65. h7 Bd4 66. Kf5 Ke7 67. Ke4 Kf8 68. Kd5 Bc3 69.
Kc6 Bb4 70. Kxb6 Kg7 71. Bd3 Kh8 72. Kb5 Kg7 73. Kc4 Kh8 74. Kd5 Kg7 75. Ke6 Kh8
76. Kf7 Bc3 77. Kg6 Bb4 78. Kf5 Bc3 79. Ke6 Bb4 80. Kd5 Kg7 81. Kc4 Kh8 82. Kd5  1/2-1/2

[Event "1. OEsterreichische Internet Schach Meisterschaft - Vorrunde 2"]
[Site "Online - Playchess.com"]
[Date ""]
[Round "7"]
[Board "40"]
[White "Rosol, Philip"]
[Black "Friedl, Markus"]
[Result "1-0"]
[WhiteElo "1468"]
[BlackElo "1857"]
[PlyCount "165"]
[EventDate "2020.04.13"]
[EventRounds "9"]
[EventCountry "AUT"]

1. e4 e5 2. Nf3 d6 3. d4 exd4 4. Nxd4 Nf6 5. Nc3 Be7 6. Bc4 O-O 7. O-O Nc6 8. Nxc6
bxc6 9. f4 Bg4 10. Be2 Bxe2 11. Qxe2 Qc8 12. h3 Re8 13. Bd2 Nd7 14. Rae1 Nc5 15.
Qc4 Bh4 16. Re2 Rb8 17. b4 Ne6 18. f5 Nf8 19. a3 Qd7 20. e5 Be7 21. e6 fxe6 22. fxe6
Qd8 23. Qf4 Ng6 24. Qf7+ Kh8 25. Qf3 Rf8 26. Qxc6 Rxf1+ 27. Kxf1 Ne5 28. Qe4 Qe8
29. Nd5 c6 30. Nf4 Bf6 31. Bc3 d5 32. Qe3 Nc4 33. Qg3 d4 34. Bd2 Qe7 35. Kg1 Bh4
36. Qg4 Bf6 37. Nh5 Ne5 38. Qg3 Rf8 39. Nxf6 gxf6 40. Bh6 Rg8 41. Qh4 Qxe6 42. Bf4
Qd5 43. Bxe5 fxe5 44. Qf6+ Rg7 45. Qf8+ Qg8 46. Qxg8+ Rxg8 47. Rxe5 Rd8 48. Rc5 Rd6
49. Kf2 Kg7 50. Ke2 Kf6 51. Kd3 Ke6 52. Ra5 Rd7 53. Rc5 Kd6 54. Kxd4 Kc7+ 55. Ke5
Rd2 56. g4 Re2+ 57. Kf6 Re3 58. Rh5 Rxa3 59. Rxh7+ Kb6 60. g5 Rf3+ 61. Ke5 Re3+ 62.
Kd4 Re2 63. g6 Rxc2 64. g7 Rd2+ 65. Ke3 Rg2 66. Kf3 Rg1 67. Kf4 a5 68. bxa5+ Kxa5
69. Kf5 c5 70. Kf6 c4 71. Rh8 Rf1+ 72. Kg6 Rg1+ 73. Kh6 Rh1 74. g8=Q Rxh3+ 75. Kg5
Rg3+ 76. Kf4 Rxg8 77. Rxg8 Kb4 78. Ke3 c3 79. Kd3 Kb3 80. Rc8 c2 81. Rxc2 Kb4 82.
Rc3 Kb5 83. Rc4  1-0

[Event "1. OEsterreichische Internet Schach Meisterschaft - Vorrunde 2"]
[Site "Online - Playchess.com"]
[Date ""]
[Round "7"]
[Board "41"]
[White "Holzleithner, Johannes"]
[Black "Polterauer, Chiara"]
[Result "0-1"]
[WhiteElo "1979"]
[BlackElo "2178"]
[PlyCount "100"]
[EventDate "2020.04.13"]
[EventRounds "9"]
[EventCountry "AUT"]

1. e4 e5 2. d4 exd4 3. Qxd4 Nc6 4. Qe3 Nf6 5. Nc3 Bb4 6. Bd2 O-O 7. O-O-O Re8 8.
Bc4 Ne5 9. Bb3 Neg4 10. Qg3 d5 11. h3 Bd6 12. Qh4 Ne5 13. Nxd5 Nxd5 14. Qxd8 Rxd8
15. Bxd5 c6 16. Bb3 a5 17. f4 Ng6 18. e5 Bc5 19. Nf3 b5 20. Ng5 Nh8 21. e6 fxe6 22.
Nxe6 Bxe6 23. Bxe6+ Kf8 24. Bc3 b4 25. Be5 Ng6 26. Rde1 Nxe5 27. Rxe5 Bd4 28. Rf5+
Bf6 29. g4 Ke7 30. Re1 Kd6 31. g5 Bd4 32. Bc4 Rf8 33. Re6+ Kc7 34. Re7+ Kb6 35. Rff7
Rxf7 36. Rxf7 Re8 37. Kd2 Kc5 38. Bd3 Bxb2 39. Bxh7 Bc3+ 40. Kd3 Rh8 41. g6 Rd8+
42. Ke4 Rd2 43. Rf5+ Kb6 44. Bg8 Rxc2 45. h4 Re2+ 46. Kd3 Rh2 47. h5 Rh3+ 48. Ke4
Rh1 49. Kd3 Rd1+ 50. Kc4 a4  0-1

[Event "1. OEsterreichische Internet Schach Meisterschaft - Vorrunde 2"]
[Site "Online - Playchess.com"]
[Date ""]
[Round "7"]
[Board "42"]
[White "Kienboeck, Benjamin"]
[Black "Hechl, Gerald"]
[Result "1-0"]
[WhiteElo "1922"]
[BlackElo "2333"]
[PlyCount "159"]
[EventDate "2020.04.13"]
[EventRounds "9"]
[EventCountry "AUT"]

1. e4 d6 2. d4 Nf6 3. Nc3 Nbd7 4. Nf3 e5 5. dxe5 dxe5 6. Bc4 Bb4 7. O-O O-O 8. Nd5
Bc5 9. Nd2 c6 10. Nxf6+ Nxf6 11. Qe2 b5 12. Bb3 a5 13. a4 Bg4 14. Qe1 b4 15. Nc4
Qc7 16. Be3 Qe7 17. f3 Bc8 18. Qf2 Nd7 19. Rad1 Bxe3 20. Nxe3 Nc5 21. Rd2 g6 22.
Rfd1 h5 23. Nc4 Nxb3 24. cxb3 Qg5 25. Rd6 h4 26. Rxc6 h3 27. Qg3 Qxg3 28. hxg3 Kg7
29. Nxe5 Be6 30. Nc4 Rh8 31. Rcd6 Rac8 32. Nxa5 Rc2 33. R6d2 Rc5 34. Nc4 h2+ 35.
Kh1 Bxc4 36. bxc4 Rxc4 37. b3 Rc3 38. Rd3 Rc2 39. Rd4 Rb8 40. Kxh2 Rb2 41. R4d3 Rc8
42. R3d2 Rxb3 43. a5 Ra8 44. Rd5 Ra3 45. R5d4 b3 46. Rb1 R8xa5 47. Rb4 Rh5+ 48. Kg1
Rc5 49. R4xb3 Ra2 50. R3b2 Ra3 51. Kf2 Rcc3 52. g4 Kf6 53. Rb6+ Kg5 54. R6b5+ Kf6
55. R1b2 Ke6 56. Rd2 Kf6 57. Rb6+ Kg7 58. Rb7 Rc5 59. Rdd7 Ra2+ 60. Kg3 Rcc2 61.
Rxf7+ Kg8 62. Rg7+ Kf8 63. Rxg6 Rxg2+ 64. Kf4 Rgf2 65. Rc6 Ra8 66. Rh6 Kg8 67. Rg6+
Kh8 68. Rf6 Kg8 69. Kg5 Ra5+ 70. Kg6 Ra8 71. e5 Re2 72. e6 Re5 73. f4 Re4 74. g5
Rc4 75. f5 Rcc8 76. Rff7 Re8 77. Rg7+ Kh8 78. Rh7+ Kg8 79. Rbg7+ Kf8 80. Rh8#  1-0

[Event "1. OEsterreichische Internet Schach Meisterschaft - Vorrunde 2"]
[Site "Online - Playchess.com"]
[Date ""]
[Round "7"]
[Board "43"]
[White "Doskocil, Klaus"]
[Black "Schroettner, Tobias Julian"]
[Result "1-0"]
[WhiteElo "2157"]
[BlackElo "1503"]
[PlyCount "85"]
[EventDate "2020.04.13"]
[EventRounds "9"]
[EventCountry "AUT"]

1. e4 c6 2. d4 d5 3. e5 Bf5 4. h4 h6 5. Be3 Nd7 6. Nd2 e6 7. Nb3 Rc8 8. Nf3 c5 9.
c3 cxd4 10. Nbxd4 Bh7 11. Bb5 Bc5 12. Qa4 a6 13. Bxd7+ Qxd7 14. Qxd7+ Kxd7 15. O-O
Ne7 16. Rfd1 Nf5 17. Nxf5 Bxf5 18. Bxc5 Rxc5 19. Nd4 Bg6 20. Re1 Rhc8 21. g4 Re8
22. Re3 b5 23. a3 a5 24. Kg2 Rec8 25. h5 Bh7 26. f4 Bg8 27. g5 b4 28. axb4 axb4 29.
cxb4 Rc4 30. Ra7+ Ke8 31. Nb5 Rc2+ 32. Kg3 Rb8 33. Nd6+ Kf8 34. b5 hxg5 35. fxg5
Rd8 36. g6 fxg6 37. Rf3+ Bf7 38. Rfxf7+ Kg8 39. Rxg7+ Kh8 40. Rh7+ Kg8 41. Rag7+
Kf8 42. h6 Rxb2 43. Rh8#  1-0

[Event "1. OEsterreichische Internet Schach Meisterschaft - Vorrunde 2"]
[Site "Online - Playchess.com"]
[Date ""]
[Round "7"]
[Board "44"]
[White "Flir, Emilio"]
[Black "Heinrici, Simon"]
[Result "1/2-1/2"]
[WhiteElo "1843"]
[BlackElo "2151"]
[PlyCount "126"]
[EventDate "2020.04.13"]
[EventRounds "9"]
[EventCountry "AUT"]

1. d4 d5 2. c4 e6 3. Nc3 Nf6 4. cxd5 exd5 5. Bg5 c6 6. e3 Nbd7 7. Bd3 Be7 8. Qc2
O-O 9. Nge2 h6 10. Bh4 Re8 11. O-O Ne4 12. Bxe7 Qxe7 13. Rae1 f5 14. f3 Nxc3 15.
Nxc3 g6 16. e4 dxe4 17. fxe4 Qd6 18. Qf2 f4 19. e5 Qf8 20. Qxf4 Qxf4 21. Rxf4 Kg7
22. Ref1 Re7 23. Ne4 Nb6 24. Nd6 Nd5 25. Rf7+ Rxf7 26. Rxf7+ Kg8 27. Bxg6 Be6 28.
Rxb7 Nf4 29. Bf7+ Bxf7 30. Nxf7 Ne2+ 31. Kf2 Nxd4 32. Nxh6+ Kh8 33. Ke3 Nb5 34. e6
Re8 35. e7 Nd6 36. Rxa7 Kg7 37. Ng4 Nf5+ 38. Kf4 Nxe7 39. Ne5 Kf6 40. Ng4+ Ke6 41.
h4 Rf8+ 42. Kg3 Nf5+ 43. Kh3 Rh8 44. g3 Rd8 45. Ra6 Rd3 46. Rxc6+ Kd5 47. Rc3 Rd2
48. Ne3+ Nxe3 49. Rxe3 Rxb2 50. a4 Ra2 51. Rf3 Rxa4 52. Rf4 Ra8 53. h5 Ke5 54. Rb4
Kf5 55. g4+ Kg5 56. Rb5+ Kh6 57. Rb3 Ra5 58. Kh4 Ra4 59. Rb6+ Kh7 60. Kg5 Ra5+ 61.
Kf6 Kh6 62. g5+ Rxg5 63. Kf7+ Kxh5  1/2-1/2

[Event "1. OEsterreichische Internet Schach Meisterschaft - Vorrunde 2"]
[Site "Online - Playchess.com"]
[Date ""]
[Round "7"]
[Board "45"]
[White "Strodl, Joachim"]
[Black "Schwarz, Benedikt"]
[Result "1-0"]
[WhiteElo "2137"]
[BlackElo "1815"]
[PlyCount "39"]
[EventDate "2020.04.13"]
[EventRounds "9"]
[EventCountry "AUT"]

1. Nf3 Nf6 2. g3 e6 3. d4 b6 4. Bg2 Bb7 5. O-O Be7 6. e3 O-O 7. c4 d5 8. b3 c5 9.
cxd5 exd5 10. Ne5 Nbd7 11. f4 Nxe5 12. fxe5 Ne4 13. Bb2 Bg5 14. Qe2 Rc8 15. Na3 Qd7
16. Rfe1 a6 17. Qh5 Be7 18. Bh3 Qe6 19. Bxe6 fxe6 20. Rf1  1-0

[Event "1. OEsterreichische Internet Schach Meisterschaft - Vorrunde 2"]
[Site "Online - Playchess.com"]
[Date ""]
[Round "7"]
[Board "46"]
[White "Hofer, Maximilian"]
[Black "Koglbauer, Uwe"]
[Result "1-0"]
[WhiteElo "2108"]
[BlackElo "1666"]
[PlyCount "65"]
[EventDate "2020.04.13"]
[EventRounds "9"]
[EventCountry "AUT"]

1. e4 c5 2. Nf3 d6 3. d4 cxd4 4. Nxd4 Nf6 5. Nc3 g6 6. Be3 Bg7 7. f3 a6 8. Qd2 h5
9. Bc4 Nc6 10. Bb3 Bd7 11. O-O Rc8 12. Rad1 b5 13. Nce2 O-O 14. c3 Ne5 15. Bh6 e6
16. Bxg7 Kxg7 17. Bc2 d5 18. Qg5 Nc4 19. b3 Nd6 20. e5 Nde8 21. exf6+ Nxf6 22. Ng3
Qa5 23. b4 Qxa2 24. Bb3 Qb2 25. Rc1 Nh7 26. Qe3 f5 27. Rf2 f4 28. Qe5+ Kg8 29. Rxb2
Nf6 30. Qe1 Kh7 31. Re2 Rce8 32. Re5 Bc8 33. Bc2  1-0

[Event "1. OEsterreichische Internet Schach Meisterschaft - Vorrunde 2"]
[Site "Online - Playchess.com"]
[Date ""]
[Round "7"]
[Board "47"]
[White "Balint, Peter"]
[Black "Missethan, Michael"]
[Result "1-0"]
[WhiteElo "2105"]
[BlackElo "2015"]
[PlyCount "97"]
[EventDate "2020.04.13"]
[EventRounds "9"]
[EventCountry "AUT"]

1. e4 c6 2. d4 d5 3. exd5 cxd5 4. c4 Nf6 5. Nc3 Nc6 6. Nf3 Bg4 7. Be3 e6 8. h3 Bh5
9. Be2 Be7 10. O-O O-O 11. Rc1 Rc8 12. a3 Qb6 13. b4 a6 14. c5 Qc7 15. Qd2 Bg6 16.
Bf4 Qd7 17. Na4 Bd8 18. Nb2 Ne4 19. Qe3 Bc7 20. Nd3 f6 21. Bxc7 Qxc7 22. Nd2 Rfe8
23. Nf4 Nxd2 24. Qxd2 Rcd8 25. Nxg6 hxg6 26. Bd3 Ne7 27. Rfe1 Nf5 28. Bxf5 gxf5 29.
Qd3 Qf4 30. g3 Qc7 31. Kg2 Rc8 32. f4 Qc6 33. Re3 Kf7 34. Rce1 Rc7 35. Kh2 Rce7 36.
Qc2 Rc7 37. Rb1 b6 38. a4 bxc5 39. bxc5 Rb7 40. Rxb7+ Qxb7 41. Rb3 Qc7 42. Qb2 Re7
43. Rb6 a5 44. Qc2 e5 45. Qxf5 e4 46. Qxd5+ Kf8 47. Rc6 e3 48. Rxc7 Rxc7 49. Qd8+
 1-0

[Event "1. OEsterreichische Internet Schach Meisterschaft - Vorrunde 2"]
[Site "Online - Playchess.com"]
[Date ""]
[Round "7"]
[Board "48"]
[White "Lichtl, Erich"]
[Black "Griessnig, Thomas"]
[Result "1-0"]
[WhiteElo "2096"]
[BlackElo "1895"]
[PlyCount "113"]
[EventDate "2020.04.13"]
[EventRounds "9"]
[EventCountry "AUT"]

1. d4 c5 2. dxc5 e6 3. Nc3 Bxc5 4. Ne4 Be7 5. Nd6+ Bxd6 6. Qxd6 Ne7 7. e4 O-O 8.
Nf3 a6 9. Bd3 b5 10. Bd2 Bb7 11. O-O Nbc6 12. Qg3 Ng6 13. h4 Qb8 14. e5 Ncxe5 15.
Nxe5 Qxe5 16. f4 Qc5+ 17. Kh1 Qc6 18. Bc3 f6 19. h5 Nh4 20. Rf2 Nf5 21. Bxf5 exf5
22. Re1 Rae8 23. Rfe2 Re4 24. h6 g6 25. Rxe4 fxe4 26. f5 g5 27. Qe3 d5 28. Rd1 Qd6
29. Bd4 Rc8 30. c3 b4 31. cxb4 Qf4 32. Qxf4 gxf4 33. Bxf6 Rc3 34. Bxc3 f3 35. gxf3
exf3 36. Kg1 d4 37. Bxd4 f2+ 38. Kxf2 Kf7 39. Ke3 Bc6 40. Kf4 Bb5 41. b3 Be2 42.
Re1 Bb5 43. Re5 Kf8 44. a4 Kf7 45. axb5 axb5 46. Rxb5 Kg8 47. Rb7 Kf8 48. Rxh7 Kg8
49. Rg7+ Kh8 50. Rg6+ Kh7 51. Rc6 Kg8 52. b5 Kf8 53. b6 Kf7 54. b7 Ke7 55. b8=Q Kf7
56. Qb7+ Ke8 57. Rc8#  1-0

[Event "1. OEsterreichische Internet Schach Meisterschaft - Vorrunde 2"]
[Site "Online - Playchess.com"]
[Date ""]
[Round "7"]
[Board "50"]
[White "Guba, Viktor"]
[Black "Moritz, Christian"]
[Result "0-1"]
[WhiteElo "1401"]
[BlackElo "2077"]
[PlyCount "90"]
[EventDate "2020.04.13"]
[EventRounds "9"]
[EventCountry "AUT"]

1. e4 e6 2. d4 d5 3. Nd2 Nf6 4. e5 Nfd7 5. Bd3 c5 6. c3 Nc6 7. Ne2 cxd4 8. cxd4 f6
9. exf6 Nxf6 10. Nf3 Bd6 11. O-O Qc7 12. Bg5 O-O 13. Qc2 h6 14. Bh4 Nh5 15. Bh7+
Kh8 16. Qg6 Nf4 17. Nxf4 Bxf4 18. Qd3 g5 19. Bg6 gxh4 20. Nxh4 Qg7 21. Bh5 Ne7 22.
g3 Bd6 23. Rae1 Nf5 24. Nxf5 Rxf5 25. Bf3 Bd7 26. Bg2 Raf8 27. Qd2 Qg5 28. Qxg5 hxg5
29. Bh3 R5f6 30. Rd1 Kg7 31. Rd2 Rc8 32. a3 Rc4 33. Re1 Kf7 34. b3 Rc3 35. b4 Rxa3
36. Rb2 Rc3 37. b5 Rd3 38. b6 axb6 39. Rxb6 Bc6 40. Reb1 Rxd4 41. Rxb7+ Bxb7 42.
Rxb7+ Kg6 43. Bg2 Bc5 44. Rd7 Rd1+ 45. Bf1 Rxf2  0-1

[Event "1. OEsterreichische Internet Schach Meisterschaft - Vorrunde 2"]
[Site "Online - Playchess.com"]
[Date ""]
[Round "7"]
[Board "51"]
[White "Kucharski, Michael"]
[Black "Nisavic, Uros"]
[Result "1/2-1/2"]
[WhiteElo "1927"]
[BlackElo "2073"]
[PlyCount "80"]
[EventDate "2020.04.13"]
[EventRounds "9"]
[EventCountry "AUT"]

1. d4 d5 2. Nf3 Nf6 3. e3 e6 4. Bd3 Be7 5. O-O O-O 6. Nbd2 b6 7. b3 Bb7 8. Bb2 Nbd7
9. Re1 c5 10. c4 Ne4 11. Ne5 Rc8 12. Nxd7 Qxd7 13. Nxe4 dxe4 14. Be2 Bf6 15. Qc2
Rfd8 16. Rad1 Qe7 17. dxc5 bxc5 18. Bxf6 Qxf6 19. Rxd8+ Rxd8 20. Rd1 Kf8 21. Rxd8+
Qxd8 22. Qd1 Qa5 23. Qd6+ Ke8 24. Qb8+ Ke7 25. Qxb7+ Kf6 26. Qxe4 Qxa2 27. Qd3 a5
28. g3 g5 29. Qd8+ Kg6 30. Bd3+ f5 31. Qg8+ Kf6 32. Qh8+ Kg6 33. Qc3 a4 34. bxa4
Qxa4 35. g4 Qd1+ 36. Kg2 Qxg4+ 37. Kf1 Qd1+ 38. Kg2 Qg4+ 39. Kh1 Qd1+ 40. Kg2 Qg4+
 1/2-1/2

[Event "1. OEsterreichische Internet Schach Meisterschaft - Vorrunde 2"]
[Site "Online - Playchess.com"]
[Date ""]
[Round "7"]
[Board "52"]
[White "Schwabeneder, Alois"]
[Black "Charaus, Florian"]
[Result "1-0"]
[WhiteElo "2004"]
[BlackElo "2055"]
[PlyCount "67"]
[EventDate "2020.04.13"]
[EventRounds "9"]
[EventCountry "AUT"]

1. e4 c6 2. d4 d5 3. Nc3 dxe4 4. Nxe4 Bf5 5. Ng3 Bg6 6. h4 h6 7. Nf3 Nd7 8. Bd3 Bxd3
9. Qxd3 e6 10. Bd2 Ngf6 11. O-O-O a5 12. Kb1 Qb6 13. Ne4 Nxe4 14. Qxe4 Nf6 15. Qe2
Bb4 16. c3 Bd6 17. c4 Bb4 18. Ne5 Bxd2 19. Rxd2 Qc7 20. g4 O-O-O 21. f4 Ne8 22. Rc1
Nd6 23. d5 exd5 24. cxd5 Rhe8 25. Qf3 f6 26. Nxc6 Kd7 27. Ne5+ fxe5 28. Rxc7+ Kxc7
29. fxe5 Rxe5 30. Qc3+ Kb8 31. Qxe5 Ka7 32. Qxg7 Ne4 33. Rd4 Nc5 34. Qc7  1-0

[Event "1. OEsterreichische Internet Schach Meisterschaft - Vorrunde 2"]
[Site "Online - Playchess.com"]
[Date ""]
[Round "7"]
[Board "53"]
[White "Stolzlechner, Thomas"]
[Black "Hoelzl, Bernhard"]
[Result "1-0"]
[WhiteElo "2037"]
[BlackElo "1392"]
[PlyCount "81"]
[EventDate "2020.04.13"]
[EventRounds "9"]
[EventCountry "AUT"]

1. e4 c6 2. Nc3 d5 3. Nf3 Bg4 4. h3 Bh5 5. exd5 cxd5 6. g4 Bg6 7. Bb5+ Nd7 8. Ne5
Ngf6 9. Nxd5 a6 10. Nxf6+ gxf6 11. Bxd7+ Qxd7 12. Nxd7 Kxd7 13. d3 e5 14. Qf3 Rc8
15. Qxf6 Bd6 16. c4 Rc6 17. Qf3 Re8 18. O-O e4 19. dxe4 Bxe4 20. Qd1 Kc7 21. Re1
f5 22. Be3 Rg8 23. f3 fxg4 24. fxe4 gxh3+ 25. Kh1 Rxc4 26. Rc1 b5 27. Rxc4+ bxc4
28. Qd5 Rg2 29. Qxc4+ Kd7 30. Qf7+ Kc6 31. Rc1+ Kb5 32. Qd5+ Ka4 33. Qb3+ Ka5 34.
Qb6+ Ka4 35. Qxd6 Rxb2 36. Rc4+ Ka5 37. Qa3+ Kb5 38. Rc5+ Kb6 39. Qxb2+ Ka7 40. Rc7+
Ka8 41. Qb7#  1-0

[Event "1. OEsterreichische Internet Schach Meisterschaft - Vorrunde 2"]
[Site "Online - Playchess.com"]
[Date ""]
[Round "7"]
[Board "54"]
[White "Kondrak, Christoph"]
[Black "Gugler, Giorgio"]
[Result "1-0"]
[WhiteElo "2033"]
[BlackElo "1405"]
[PlyCount "83"]
[EventDate "2020.04.13"]
[EventRounds "9"]
[EventCountry "AUT"]

1. d4 d5 2. Nf3 Bf5 3. Bf4 e6 4. e3 Bd6 5. Bg5 Nf6 6. Be2 h6 7. Bh4 Be7 8. O-O Nc6
9. Nbd2 O-O 10. c4 dxc4 11. Nxc4 Ne4 12. Bxe7 Nxe7 13. Rc1 f6 14. a3 Nd5 15. Ncd2
c6 16. Nxe4 Bxe4 17. Nd2 Bg6 18. Qb3 Bf7 19. Qxb7 Rb8 20. Qxa7 Rxb2 21. Rfd1 c5 22.
Qxc5 e5 23. dxe5 fxe5 24. Bf3 Qh4 25. Ne4 Nf6 26. Qxe5 Nxe4 27. Qxe4 Qxf2+ 28. Kh1
Re8 29. Qd4 Qxe3 30. Qxb2 Bg6 31. a4 Kh7 32. a5 Qe5 33. Qxe5 Rxe5 34. Ra1 Rb5 35.
a6 Bc2 36. a7 Bxd1 37. a8=Q Bxf3 38. Qxf3 Rg5 39. h4 Rc5 40. Qe4+ g6 41. Ra7+ Kg8
42. Qe8#  1-0

[Event "1. OEsterreichische Internet Schach Meisterschaft - Vorrunde 2"]
[Site "Online - Playchess.com"]
[Date ""]
[Round "7"]
[Board "55"]
[White "Weichhart, Daniel"]
[Black "Lerch, Johannes"]
[Result "1/2-1/2"]
[WhiteElo "1648"]
[BlackElo "2005"]
[PlyCount "175"]
[EventDate "2020.04.13"]
[EventRounds "9"]
[EventCountry "AUT"]

1. e4 c5 2. Nf3 d6 3. Nc3 Nf6 4. Bc4 e6 5. d3 Nc6 6. Bg5 Be7 7. Qd2 Bd7 8. Bb3 Rb8
9. O-O O-O 10. a4 h6 11. Bh4 b6 12. Bg3 a6 13. e5 dxe5 14. Nxe5 Nxe5 15. Bxe5 Rc8
16. Rad1 Bc6 17. Bxf6 Bxf6 18. Ne4 Be7 19. Rfe1 Qd7 20. d4 Bxe4 21. Rxe4 c4 22. Ba2
Qxa4 23. Bb1 Bf6 24. c3 Qc6 25. Rf4 Bg5 26. Qc2 g6 27. Rf3 Rcd8 28. h4 Bxh4 29. Rh3
Bg5 30. Re1 Qd6 31. Re5 Qe7 32. Qe4 Qf6 33. Rf3 Qg7 34. Rg3 Bf6 35. Rh5 Rfe8 36.
Rh1 e5 37. Re3 Re7 38. d5 Red7 39. Reh3 h5 40. Qxc4 Rxd5 41. Bc2 b5 42. Qe4 R5d7
43. g3 Kf8 44. Kg2 Be7 45. Re1 Bf6 46. Rhh1 Re8 47. Re2 Rde7 48. Rhe1 Qh6 49. Qf3
Qg5 50. Qc6 Re6 51. Qe4 Qg4 52. Qf3 Qxf3+ 53. Kxf3 Ke7 54. Re4 Rd6 55. g4 hxg4+ 56.
Kxg4 Red8 57. R1e2 Rd2 58. f4 Rxe2 59. Rxe2 Ke6 60. fxe5 Bxe5 61. Bb3+ Kf6 62. Rf2+
Kg7 63. Rxf7+ Kh6 64. Re7 Bf6 65. Re6 Bg5 66. Bc2 Rg8 67. Rxa6 Bc1 68. b3 Bb2 69.
c4 bxc4 70. bxc4 Kh7 71. Ra7+ Rg7 72. Ra6 Bd4 73. Rd6 Be5 74. Re6 Bd4 75. Re4 Bc5
76. Re5 Bd4 77. Re6 Bc5 78. Rc6 Ba3 79. Ra6 Bb2 80. c5 Rc7 81. Rxg6 Rg7 82. Rxg7+
Kxg7 83. Kf5 Kf7 84. Ke4 Ke7 85. Kd5 Kd8 86. Kc6 Bd4 87. Kd5 Bxc5 88. Kxc5  1/2-1/2

[Event "1. OEsterreichische Internet Schach Meisterschaft - Vorrunde 2"]
[Site "Online - Playchess.com"]
[Date ""]
[Round "7"]
[Board "56"]
[White "Pedevilla, Luis"]
[Black "Filek, Mattias"]
[Result "1-0"]
[WhiteElo "1650"]
[BlackElo "1932"]
[PlyCount "73"]
[EventDate "2020.04.13"]
[EventRounds "9"]
[EventCountry "AUT"]

1. e4 e5 2. Nf3 Nc6 3. Bb5 a6 4. Ba4 Nf6 5. d3 b5 6. Bb3 d6 7. h3 Be7 8. O-O Na5
9. c3 c5 10. Bg5 O-O 11. Bc2 h6 12. Bh4 Nc6 13. Re1 Be6 14. Nbd2 Re8 15. Nf1 Qc7
16. Bxf6 Bxf6 17. Ne3 Rad8 18. Bb3 Ne7 19. Bxe6 fxe6 20. a4 Ng6 21. g3 d5 22. Qc2
Qf7 23. Kg2 Rf8 24. Qe2 Be7 25. axb5 axb5 26. Ra7 Ra8 27. Rea1 Rxa7 28. Rxa7 Rb8
29. exd5 exd5 30. Ng4 Re8 31. Ngxe5 Nxe5 32. Qxe5 Qf6 33. Qxd5+ Kh8 34. Qe4 b4 35.
Nh4 Kg8 36. Qg6 Qc6+ 37. Qxc6  1-0

[Event "1. OEsterreichische Internet Schach Meisterschaft - Vorrunde 2"]
[Site "Online - Playchess.com"]
[Date ""]
[Round "7"]
[Board "57"]
[White "Kessler, Manuel"]
[Black "Katter, Katharina"]
[Result "1/2-1/2"]
[WhiteElo "1731"]
[BlackElo "1930"]
[PlyCount "106"]
[EventDate "2020.04.13"]
[EventRounds "9"]
[EventCountry "AUT"]

1. d4 Nf6 2. c4 g6 3. Nc3 Bg7 4. e4 d6 5. f3 O-O 6. Bd3 c6 7. Nge2 a6 8. O-O b5 9.
Be3 b4 10. Na4 Nbd7 11. Rc1 Qa5 12. b3 c5 13. dxc5 dxc5 14. Bb1 Qc7 15. Qe1 Bb7 16.
Qf2 Rac8 17. Nf4 e6 18. Nd3 Ne5 19. Ndxc5 Nfd7 20. Nxd7 Nxd7 21. Rfd1 Bc6 22. Nc5
Bb7 23. Nxd7 Rfd8 24. Bb6 Qc6 25. Bxd8 Rxd8 26. Nc5 Rc8 27. Nxb7 Qxb7 28. Rd3 Bf8
29. Rcd1 Bc5 30. Rd8+ Bf8 31. Rxc8 Qxc8 32. Qd2 Bc5+ 33. Kh1 Kg7 34. Qd7 Qa8 35.
h3 Be3 36. e5 Bf4 37. Qd6 Qa7 38. c5 a5 39. Be4 h5 40. c6 Qf2 41. Qd2 Qg3 42. Kg1
Bxd2 43. Rxd2 Qxe5 44. Rd7 Qa1+ 45. Kf2 Qb2+ 46. Kg3 Qe5+ 47. Kf2 Qc5+ 48. Kg3 h4+
49. Kh2 Qe5+ 50. Kg1 Qa1+ 51. Kh2 Qe5+ 52. Kg1 Qa1+ 53. Kh2 Qe5+  1/2-1/2

[Event "1. OEsterreichische Internet Schach Meisterschaft - Vorrunde 2"]
[Site "Online - Playchess.com"]
[Date ""]
[Round "7"]
[Board "58"]
[White "Janes, Christian"]
[Black "Hofstadler, Mario"]
[Result "0-1"]
[WhiteElo "1740"]
[BlackElo "1867"]
[PlyCount "100"]
[EventDate "2020.04.13"]
[EventRounds "9"]
[EventCountry "AUT"]

1. e4 c6 2. Nf3 d5 3. exd5 cxd5 4. d4 Nf6 5. Bb5+ Nc6 6. Ne5 Qb6 7. Qd3 e6 8. O-O
Be7 9. a4 a6 10. Bxc6+ bxc6 11. a5 Qc7 12. Bg5 O-O 13. Bf4 Bd6 14. h3 c5 15. c3 cxd4
16. cxd4 Bd7 17. Nc3 Rfc8 18. Qg3 Nh5 19. Qe3 Nxf4 20. Qxf4 f6 21. Rac1 fxe5 22.
dxe5 Bxe5 23. Qg4 Qd6 24. Rfd1 Bxc3 25. bxc3 Rc4 26. Qg5 h6 27. Qe3 Rac8 28. g3 Qc5
29. Qe5 Qc7 30. Qe3 Re4 31. Qb6 Qxb6 32. axb6 Rb8 33. Rb1 Bb5 34. f3 Rc4 35. Rdc1
Rxb6 36. f4 Rbc6 37. Kf2 d4 38. Re1 dxc3 39. Re5 c2 40. Rc1 R4c5 41. Re3 Kf7 42.
g4 Kf6 43. h4 Rc4 44. g5+ hxg5 45. hxg5+ Kg6 46. Kg3 Rc3 47. Rxc3 Rxc3+ 48. Kg4 Bd3
49. Kh4 Bf5 50. Ra1 Rh3#  0-1